| 000 | 00428nam a2200181Ia 4500 | ||
|---|---|---|---|
| 003 | OSt | ||
| 005 | 20260506145729.0 | ||
| 008 | 250729s2012 xx 000 0 und d | ||
| 040 | _cAL | ||
| 041 | _aeng | ||
| 082 | _a510 PUNT | ||
| 100 |
_aPuneet Wale _9230905 |
||
| 245 | _aTeaching of mathematics | ||
| 260 |
_aLudhiyana _bVinod Publication _c2012 |
||
| 300 | _a331p | ||
| 650 |
_aMathematics _9230906 |
||
| 942 |
_2ddc _cBED |
||
| 999 |
_c239015 _d239015 |
||